000 00543nam a2200169Ia 4500
003 GCL
008 140319s9999 xx 000 0 ara d
040 _aGCL /
_cGCL
082 0 4 _a307.14
_bا ت
245 1 0 _aتقرير التنمية البشرية لعام 2002
260 _aبيروت :
_bبرنامج الامم المتحدة الانمائى ،
_c2002
300 _a277 ص ؛
_c40 سم
650 0 4 _aالديمقراطية
650 0 4 _aالتنمية البشرية
650 0 4 _aالمشاركة السياسية
942 _2ddc
_cBK
999 _c5653
_d5653